000 00548nam a2200193Ia 4500
003 GCL
008 140319s9999 xx 000 0 ara d
040 _aGCL /
_cGCL
082 0 4 _a891.99203
_bب ك
100 1 _aفؤاد كامل (مترجم)
245 1 0 _aالكنز وقصص اخرى /
_cفؤاد كامل (مترجم)
700 1 _aباوستومسكى، ك
300 _a112 ص
490 _a
650 0 4 _aالادب الارمنى
650 0 4 _aالقصص الارمنية
650 0 4 _aالقصص المترجمة
942 _2ddc
_cBK
999 _c38529
_d38529